Convenio de honorarios y pacto cuota litis /

Guardado en:
Otros Autores: Malizia, Roberto
Formato: Libro
Idioma:Spanish
Publicado: Santa Fe : Rubinzal-Culzoni, 2012
Edición:1º ed.
Materias:
Etiquetas: Agregar Etiqueta
Sin Etiquetas, Sea el primero en etiquetar este registro!
LEADER 00626nam a22001935a 4500
001 DER.der012634
008 180615s2012####ag#||||||||||||||#||spa||
005 20210820092319.0
245 1 0 |a Convenio de honorarios y pacto cuota litis /  |c Roberto Malizia. 
250 |a 1º ed. 
260 |a Santa Fe :  |b Rubinzal-Culzoni,  |c 2012 
300 |a 232 p. 
020 |a 9789873002755 
700 1 |a Malizia, Roberto 
653 |a Prácticas 
650 7 |a pacto de cuota litis  |2 SAIJ 
650 7 |a honorarios del abogado  |2 SAIJ 
859 |a DERECHO  |b BIB. DERECHO  |h 347.05  |i MAL  |k 1.35  |p 007475  |t 1 
859 |a DERECHO  |b BIB. DERECHO  |h 347.05  |i MAL  |k 1.35  |p 007476  |t 2